000 00509nam a22001937a 4500
005 20150327123131.0
008 100422s2010 nyu 001 0 eng
020 _a9780071741163
041 0 _aeng
080 _a004
100 1 _aSchildt, Herbert.
245 1 0 _aC# 4.0 :
_cHerbert Schildt.
260 _aNew York :
_bMcGraw-Hill,
_c2010.
300 _a949 f. ;
_c24 cm.
505 _aIndex: f. 925 - 949
650 0 _aKompjuterat
650 0 _aGjuha programuese
942 _2udc
_cBK
999 _c568
_d568